000 00354nam a2200145 a 4500
001 0599
005 20140414131924.0
008 040201s19uu xx 00 eng d
050 _aER
_bW56 1977
100 _aWatson, Jane
245 _aWhere Jesus lived /
_cJane Watson.
260 _aU.S.A :
_bGolden,
_c1977.
300 _ap. ; cm.
999 _c111933
_d111933